000 00282nam a2200121Ia 4500
008 190216s9999||||xx |||||||||||||| ||und||
100 _aShakespere
245 0 _aPrecis Writing
260 _bParthasarathy Cheriath
_c1968
300 _a56p
650 _aEnglish Grammar
942 _cBK
999 _c13276
_d13276